| 000 | 02040cam a22003614a 4500 | ||
|---|---|---|---|
| 001 | 13590395 | ||
| 005 | 20221028130237.0 | ||
| 008 | 040512s2005 njua b 001 0 eng | ||
| 010 | _a 2004042256 | ||
| 020 | _a0471484229 | ||
| 035 | _a(OCoLC)ocm55220097 | ||
| 040 |
_aDLC _cDLC _dC#P _dDLC |
||
| 042 | _apcc | ||
| 050 | 0 | 0 |
_aTK6680.5 _b.A25 2005 |
| 082 | 0 | 0 |
_a006.6,ACH _222 |
| 100 | 1 |
_aAcharya, Tinku. _9101633 |
|
| 245 | 1 | 0 |
_aJPEG2000 standard for image compression : _bconcepts, algorithms and VLSI architectures / _cTinku Acharya, Ping-Sing Tsai. |
| 246 | 3 | _aJPEG 2000 standard for image compression | |
| 260 |
_aHoboken, N.J. : _bWiley-Interscience, _cc2005. |
||
| 300 |
_axv, 274 p. : _bill. (some col.) ; _c25 cm. |
||
| 505 | _aIntroduction to data compression (Page-1), Source coding Algorithms (Page-23), JPEG: Still image compression standard (Page-55), Introduction to discrete wavelet transform (Page-79), VLSI architecures for discrete wavelet transforms (Page-107), JPEG 2000 Standard (Page-137), Coding Algorithms in JPEG2000 (Page-163), Code-Stream organization file format (Page-213), VLSI Architectures for JPEG2000 (Page-227), Beyond Part 1 JPEG2000 Standard (Page-253). | ||
| 650 | 0 |
_aJPEG (Image coding standard) _9101634 |
|
| 650 | 0 |
_aImage compression. _956009 |
|
| 700 | 1 |
_aTsai, Ping-Sing, _d1962- _9101635 |
|
| 856 | 4 | 2 |
_3Publisher description _uhttp://www.loc.gov/catdir/description/wiley042/2004042256.html |
| 856 | 4 | 1 |
_3Table of contents only _uhttp://www.loc.gov/catdir/toc/wiley041/2004042256.html |
| 856 | 4 | 2 |
_3Book review (E-STREAMS) _uhttp://www.e-streams.com/es0805/es0805_4108.html |
| 856 | 4 | 2 |
_3Contributor biographical information _uhttp://www.loc.gov/catdir/enhancements/fy0617/2004042256-b.html |
| 906 |
_a7 _bcbc _corignew _d1 _eocip _f19 _gy-gencatlg |
||
| 942 |
_2ddc _cBK _k006.6,ACH |
||
| 999 |
_c592070 _d592070 |
||